Strategic mobility / (Record no. 49700)
[ view plain ]
| 000 -LEADER | |
|---|---|
| fixed length control field | 00605nam a2200217 a 4500 |
| 001 - CONTROL NUMBER | |
| control field | 49700 |
| 003 - CONTROL NUMBER IDENTIFIER | |
| rucl marc code | BD-RjUL |
| 005 - DATE AND TIME OF LATEST TRANSACTION | |
| control field | 20211209054721.0 |
| 008 - FIXED-LENGTH DATA ELEMENTS--GENERAL INFORMATION | |
| fixed length control field | 160822s1963 nk ||||| |||| 00| 0 eng d |
| 035 ## - SYSTEM CONTROL NUMBER | |
| System control number | (BD-RjUL)49820 |
| 040 ## - CATALOGING SOURCE | |
| Original cataloging agency | BD-RjUL |
| Language of cataloging | eng |
| Transcribing agency | BD-RjUL |
| 041 ## - LANGUAGE CODE | |
| Language code of text/sound track or separate title | eng |
| 082 ## - DEWEY DECIMAL CLASSIFICATION NUMBER | |
| Edition number | 23 |
| Classification number | 355.02 |
| Author mark and year | BRS 1963. |
| 100 1# - MAIN ENTRY--PERSONAL NAME | |
| Personal name | Brown, Neville |
| 9 (RLIN) | 149008 |
| 245 10 - TITLE STATEMENT | |
| Title | Strategic mobility / |
| Statement of responsibility, etc. | Neville Brown |
| 260 ## - PUBLICATION, DISTRIBUTION, ETC. (IMPRINT) | |
| Place of publication, distribution, etc. | London : |
| Name of publisher, distributor, etc. | The Institute for Strategic Studies, |
| Date of publication, distribution, etc. | 1963. |
| 300 ## - PHYSICAL DESCRIPTION | |
| Pagination | 254p. ; |
| Size | 23 cm |
| 490 ## - SERIES STATEMENT | |
| Series statement | Studies in international security :7 |
| 650 ## - SUBJECT ADDED ENTRY--TOPICAL TERM | |
| Topical term or geographic name as entry element | Strategy |
| 9 (RLIN) | 149009 |
| 942 ## - ADDED ENTRY ELEMENTS (KOHA) | |
| Source of classification or shelving scheme | Dewey Decimal Classification |
| Koha item type | Books |
| Lost status | Source of classification or shelving scheme | Damaged status | Not for loan | Collection code | Permanent Location | Current Location | Shelving location | Date acquired | Source of acquisition | Cost, normal purchase price | Total Checkouts | Full call number | Date last seen | Copy number | Koha item type |
|---|---|---|---|---|---|---|---|---|---|---|---|---|---|---|---|
| Dewey Decimal Classification | Non-fiction | Central Library, University of Rajshahi | Central Library, University of Rajshahi | 27/07/1975 | Bookm Center | 27.50 | 355.02 BRS 1963. | 22/08/2016 | C-2 | Books | |||||
| Dewey Decimal Classification | Not For Loan | Non-fiction | Central Library, University of Rajshahi | Central Library, University of Rajshahi | Reading Room | 27/07/1975 | Bookm Center | 27.50 | 355.02 BRS 1963. | 28/12/2016 | C-1 | Books |